Nouvelle Vague française comme critique culturelle: colonialisme, culture de la jeunesse et rôles de genre dans la France de l'après-guerre diplomová práca

Enregistré dans:
Détails bibliographiques
Auteur principal: Kovačicová, Hana
Collectivité auteur: Fakulta aplikovaných jazykov EU v Bratislave. Katedra románskych a slovanských jazykov
Autres auteurs: Tureková, Andrea, 1979-
Format: Livre
Langue:français
Publié: Bratislava 2024
Tags: Ajouter un tag
Pas de tags, Soyez le premier à ajouter un tag!

MARC

LEADER 00000nbm a2200000 4500
001 0308934
005 20260304125727.1
041 0 |a fre 
044 |a SK 
245 1 0 |a Nouvelle Vague française comme critique culturelle: colonialisme, culture de la jeunesse et rôles de genre dans la France de l'après-guerre  |b diplomová práca  |c Hana Kovačicová ; školiteľ: Andrea Tureková 
264 1 |a Bratislava  |c 2024 
300 |a 73 s. 
100 1 |a Kovačicová, Hana 
700 1 |a Tureková, Andrea, 1979- 
710 2 |a Fakulta aplikovaných jazykov EU v Bratislave. Katedra románskych a slovanských jazykov